000 00326nam a22001337a 4500
020 _a81-7709-727-X
082 _a510
_bAGA/S
100 _aAGGARWAL
245 _aSECONDARY SCHOOL MATHEMATICS
_bFOR CLASS 9
250 _aFOURTH EDITION
260 _aDELHI
_bBHARATI BHAWAN
_c2007
650 _aMATHS REFERENCE
_zINDIA
942 _cBK
999 _c1223
_d1223